| 000 | 00653nam a2200229 4500 | ||
|---|---|---|---|
| 003 | OSt | ||
| 005 | 20150409143831.0 | ||
| 008 | 150409b xxu||||| |||| 00| 0 eng d | ||
| 020 | _a0750628618 | ||
| 040 | _c040a | ||
| 082 |
_a548 _bHUL 1984 |
||
| 100 |
_aHull, D _93624 |
||
| 245 |
_aIntroduction to dislocations / _cD Hull, D. J Bacon |
||
| 250 | _a3rd ed. | ||
| 260 |
_aLiverpool _bButterworth Heinemann _c1984 |
||
| 300 |
_axiii, 257p ; _bill : _c8 cm. |
||
| 440 |
_ainternational series on materials science and technology _93625 |
||
| 504 | _aincludes index | ||
| 650 |
_aDislocations _93626 |
||
| 700 |
_aBacon, D J _93627 |
||
| 942 |
_2ddc _cSLOAN |
||
| 999 |
_c1370 _d1370 |
||